Welcome to University of Cape Coast Library, Online Public Access Catalogue (OPAC)

Writing : (Record no. 40171)

MARC details
000 -LEADER
fixed length control field 01301cam a2200385 a 4500
001 - CONTROL NUMBER
control field ocm29991620
003 - CONTROL NUMBER IDENTIFIER
control field OCoLC
005 - DATE AND TIME OF LATEST TRANSACTION
control field 20220329091916.0
008 - FIXED-LENGTH DATA ELEMENTS--GENERAL INFORMATION
fixed length control field 940321s1994 ilu 001 0 eng d
010 ## - LIBRARY OF CONGRESS CONTROL NUMBER
LC control number 94180234
020 ## - INTERNATIONAL STANDARD BOOK NUMBER
International Standard Book Number 0673361284
020 ## - INTERNATIONAL STANDARD BOOK NUMBER
International Standard Book Number 9780673361288
020 ## - INTERNATIONAL STANDARD BOOK NUMBER
International Standard Book Number 0673360938
020 ## - INTERNATIONAL STANDARD BOOK NUMBER
International Standard Book Number 9780673360939
035 ## - SYSTEM CONTROL NUMBER
System control number (OCoLC)29991620
040 ## - CATALOGING SOURCE
Original cataloging agency TClA
Language of cataloging eng
Transcribing agency DLC
Modifying agency TPA
-- DPL
-- BAKER
-- BTCTA
-- YDXCP
-- OCLCF
-- OCLCQ
-- OCLCO
-- OCLCQ
-- OCLCO
042 ## - AUTHENTICATION CODE
Authentication code lccopycat
050 00 - LIBRARY OF CONGRESS CALL NUMBER
Classification number PE1408
Item number .L56 1994
082 04 - DEWEY DECIMAL CLASSIFICATION NUMBER
Classification number 428.2
100 1# - MAIN ENTRY--PERSONAL NAME
Personal name Lester, James D.,
Titles and words associated with a name Sr.,
Dates associated with a name 1935-2006.
9 (RLIN) 1272
245 10 - TITLE STATEMENT
Title Writing :
Remainder of title style and grammar /
Statement of responsibility, etc. James D. Lester, Sr., James D. Lester, Jr.
260 ## - PUBLICATION, DISTRIBUTION, ETC.
Place of publication, distribution, etc. Glenview, IL. :
Name of publisher, distributor, etc. GoodYearBooks,
Date of publication, distribution, etc. �1994.
300 ## - PHYSICAL DESCRIPTION
Extent 396 pages ;
Dimensions 23 cm
336 ## - CONTENT TYPE
Content type term text
Content type code txt
Source rdacontent
337 ## - MEDIA TYPE
Media type term unmediated
Media type code n
Source rdamedia
338 ## - CARRIER TYPE
Carrier type term volume
Carrier type code nc
Source rdacarrier
500 ## - GENERAL NOTE
General note Includes index.
650 #0 - SUBJECT ADDED ENTRY--TOPICAL TERM
Topical term or geographic name entry element English language
General subdivision Grammar.
9 (RLIN) 166
650 #0 - SUBJECT ADDED ENTRY--TOPICAL TERM
Topical term or geographic name entry element English language
General subdivision Style.
9 (RLIN) 1273
650 #7 - SUBJECT ADDED ENTRY--TOPICAL TERM
Topical term or geographic name entry element English language
General subdivision Grammar.
Source of heading or term fast
Authority record control number or standard number (OCoLC)fst00911209
9 (RLIN) 166
650 #7 - SUBJECT ADDED ENTRY--TOPICAL TERM
Topical term or geographic name entry element English language
General subdivision Style.
Source of heading or term fast
Authority record control number or standard number (OCoLC)fst00911825
9 (RLIN) 1273
700 1# - ADDED ENTRY--PERSONAL NAME
Personal name Lester, James D.,
Titles and other words associated with a name Jr.,
Dates associated with a name 1959-
9 (RLIN) 1274
942 ## - ADDED ENTRY ELEMENTS (KOHA)
Source of classification or shelving scheme Library of Congress Classification
Koha item type Books
948 ## - LOCAL PROCESSING INFORMATION (OCLC); SERIES PART DESIGNATOR (RLIN)
h (OCLC) NO HOLDINGS IN GHUCC - 38 OTHER HOLDINGS
Holdings
Lost status Collection code Home library Shelving location Date acquired Total Checkouts Full call number Barcode Date last seen Date last checked out Koha item type
  Open UCC Main Library First Floor East Wing Sam Jonah Library 03/29/2022 1 PE1408.L56 30261101509158 05/24/2023 04/11/2023 Books
Koha©2022 UCC.All Right Reserved.Site Developed by Sam Jonah Library IT Team
<Home | Contact | Library publications |Research Tools | Research Guides |https://ucclivechat.library-gh.net/index.php/chat

If you have questions or concern please contact the Library.



PMB, University of Cape Coast

KOHA HOME